000
00337nam a22001457a 4500
003
OSt
005
20220104113050.0
008
220104b |||||||| |||| 00| 0 eng d
020
_a
0764500511
040
_c
HU
082
_a
006.6869
100
_a
Lowe
_9
27069
245
_a
PowerPoint 97 For Windows For Dummines
942
_2
ddc
_c
BOOKS
_n
0
999
_c
25964
_d
25964